Southville International School and Colleges
Your cart is empty.
  • Cart
  • Lists
    Public lists list_1 View all
    Your lists Log in to create your own lists
  • Log in to your account
  • Your cookies
  • Search history
Southville International School and Colleges
  • Advanced search
  • Recent comments
  • Most popular
  • Libraries

Log in to your account

Log in with GOOGLE


If you do not have an external account, but do have a local account, you can still log in:

  1. Home
  2. MARC view: Images of Manila /
Normal view MARC view ISBD view

Images of Manila / (Record no. 14752)

[ view plain ]
MARC details
000 -LEADER
fixed length control field 00457nam a22001577a 4500
003 - CONTROL NUMBER IDENTIFIER
control field PILC
005 - DATE AND TIME OF LATEST TRANSACTION
control field 20150112093441.0
008 - FIXED-LENGTH DATA ELEMENTS--GENERAL INFORMATION
fixed length control field 130226t xxu||||| |||| 00| 0 eng d
050 ## - LIBRARY OF CONGRESS CALL NUMBER
Classification number DS 689
Item number .D881 1988
082 ## - DEWEY DECIMAL CLASSIFICATION NUMBER
Classification number SFf 959.9
Item number D88 1988
100 ## - MAIN ENTRY--PERSONAL NAME
Personal name Duldulao, Manuel D.
9 (RLIN) 18972
245 ## - TITLE STATEMENT
Title Images of Manila /
Statement of responsibility, etc Duldulao, Manuel D.
260 ## - PUBLICATION, DISTRIBUTION, ETC. (IMPRINT)
Place of publication, distribution, etc Philippines
Name of publisher, distributor, etc Oro Books
Date of publication, distribution, etc 1988.
300 ## - PHYSICAL DESCRIPTION
Extent 263 pages :
Dimensions 29 cm.
Other physical details colored illustration ;
942 ## - ADDED ENTRY ELEMENTS (KOHA)
Source of classification or shelving scheme Library of Congress Classification
Koha item type Books
Holdings
Withdrawn status Lost status Source of classification or shelving scheme Damaged status Home library Current library Shelving location Date acquired Total Checkouts Full call number Barcode Date last seen Copy number Price effective from Koha item type
    Library of Congress Classification   Southville International School Affiliated with Foreign Universities Library Southville International School Affiliated with Foreign Universities Library Southville Foreign University Section 09/12/2013   DS 689 .D881 1988 SFU1411 05/15/2018 1 09/12/2013 Books

Images of Manila /

APA

Duldulao M. D., . (1988). Images of Manila. Philippines: Oro Books.

Chicago

Duldulao Manuel D, . 1988. Images of Manila. Philippines: Oro Books.

Harvard

Duldulao M. D., . (1988). Images of Manila. Philippines: Oro Books.

MLA

Duldulao Manuel D, . Images of Manila. Philippines: Oro Books. 1988.

  • Place hold
  • Print
  • Cite
  • Add to your cart (remove)
  • Save record
    BIBTEX Dublin Core MARCXML MARC (non-Unicode/MARC-8) MARC (Unicode/UTF-8) MARC (Unicode/UTF-8, Standard) MODS (XML) RIS
  • More searches
    Search for this title in:
    Other Libraries (WorldCat) Other Databases (Google Scholar) Online Stores (Bookfinder.com) Open Library (openlibrary.org)

Exporting to Dublin Core...

SOUTHVILLE LIBRARY

Southville International School and Colleges Library

1281 Tropical Ave. Cor. Luxembourg St., BF Homes International, Las Pinas City

Tel. No. 8256374 / 252358 Loc. 117/146

Powered by Koha